000 00794nam a2200241 a 4500
003 OSt
005 20130624173506.0
008 130624s1989 sz ||||| |||| 00| 0 spa d
020 _a92 4 320782 2
040 _cBiblioteca Medicina
041 _aspa
082 _aOMS IT 782
110 _aOrganizacion Mundial de la Salud
_91006
245 0 0 _aVigilancia y evaluacion de la salud bucodental.
_bInforme de un Comite de Expertos de la OMS
250 _a1° ed.
260 _aGinebra
_bOrganizacion Mundial de la Salud
_c1989
300 _a82 p.
440 0 0 _aInformes tecnicos 782
_92446
653 _aSALUD BUCAL-NORMAS
653 _aSERVICIOS DE SALUD DENTAL
942 _2ddc
_cPH
999 _c1508
_d1508
952 _pH0029
_40
_00
_bBFM
_10
_oOMS IT 782
_d2013-06-24
_tEj. 1
_8NFIC
_70
_cCR
_2ddc
_yPH
_aBFM